01242 2200349 4500001002100000005001500021035002000036007000300056008004100059020002200100082001600122084001800138100003400156245023100190250003500421300004700456650002100503700003000524700003300554700002900587700003800616504003200654264003200686336002100718337003000739338002300769040002200792090002200814850001200836999002200848990002200870INLIS00000000088162020230908020027 a0010-0923000212ta230908s2022 yoia g ind d a978-623-02-4220-504223a519.536 a519.536 NUR c0 aNur Adi SiswandariePengarang10aCara mengukur koefisien refleksi bahan bangunan pada frekuensi tinggi dan analisis menggunakan pendekatan model regresi /cNur Adi Siswandari, Haniah Mamudah, Okkie Puspitorini, Ari Wijayanti; penyunting, Rakhmi Inas Ramadhani aCetakan Pertama, Februari 2022 axiv, 54 halaman :bgambar, grafik ;c23 cm 4aAnalisis regresi0 aHaniah MamudahePengarang0 aOkkie PuspitoriniePengarang0 aAri WijayantiePengarang0 aRakhmi Inas RamadhaniePenyunting aBibliografi : halaman 53-5431aSleman :bDeepublish,c2022 2rdacontentateks 2rdamediaatanpa perantara 2rdacarrieravolume aYOPDYOGbinderda aCB-D.11 2022-4285 aYOPDYOG aCB-D.11/2022-4285 aCB-D.11/2022-4285